000 00618cam7a220020500 4500
001 tmp15484056
003 UPRA
005 20190816095657.0
008 950825s1966 hu eng u
035 _a(Sirsi) r81957
035 _a(UPRA)tmp15484056
040 _cUPRA
245 0 0 _aPublic education in the Hungarian People's Republic.
260 _a[Budapest,
_c1966]
650 0 _aEducation -- Hungary.
_zEducation -- Hungary.
_6S33131.1
700 1 _aButi, Erno.
_6A41759.1
949 _aLA681.827
_wlcc
_i-113631
_mMAIN
_tBOOK
_lON-SHELF
949 _aLA681.827
_wlcc
_i-113632
_mMAIN
_tBOOK
_lON-SHELF
004 81957
999 _c84747
_d84747